How we'll live on Mars (Record no. 19122)
[ view plain ]
| 000 -LEADER | |
|---|---|
| fixed length control field | 00576nam a2200193Ia 4500 |
| 003 - CONTROL NUMBER IDENTIFIER | |
| control field | IN-BaIIA |
| 008 - FIXED-LENGTH DATA ELEMENTS--GENERAL INFORMATION | |
| fixed length control field | 211028s9999 xx 000 0 eng d |
| 020 ## - INTERNATIONAL STANDARD BOOK NUMBER | |
| International Standard Book Number | 978-1-4711-3888-1 |
| 040 ## - CATALOGING SOURCE | |
| Transcribing agency | IIA Library |
| 080 ## - UNIVERSAL DECIMAL CLASSIFICATION NUMBER | |
| Universal Decimal Classification number | 523.43 |
| Item number | PET |
| 100 ## - MAIN ENTRY--PERSONAL NAME | |
| Personal name | Petranek, Stephen L |
| 9 (RLIN) | 36509 |
| 245 #0 - TITLE STATEMENT | |
| Title | How we'll live on Mars |
| Statement of responsibility, etc. | Stephen L Petranek |
| 260 ## - PUBLICATION, DISTRIBUTION, ETC. | |
| Place of publication, distribution, etc. | London |
| Name of publisher, distributor, etc. | TED Books |
| Date of publication, distribution, etc. | 2015 |
| 300 ## - PHYSICAL DESCRIPTION | |
| Extent | 77p. |
| 650 ## - SUBJECT ADDED ENTRY--TOPICAL TERM | |
| Topical term or geographic name entry element | Mars (Planet) |
| 9 (RLIN) | 33211 |
| 650 ## - SUBJECT ADDED ENTRY--TOPICAL TERM | |
| Topical term or geographic name entry element | Planets - environmental engineering |
| 9 (RLIN) | 36510 |
| 650 ## - SUBJECT ADDED ENTRY--TOPICAL TERM | |
| Topical term or geographic name entry element | Space colonies |
| 9 (RLIN) | 10792 |
| 942 ## - ADDED ENTRY ELEMENTS (KOHA) | |
| Koha item type | Books |
| Withdrawn status | Lost status | Damaged status | Not for loan | Home library | Current library | Shelving location | Date acquired | Source of acquisition | Cost, normal purchase price | Total Checkouts | Full call number | Barcode | Date last seen | Cost, replacement price | Price effective from | Koha item type | Purchase Price |
|---|---|---|---|---|---|---|---|---|---|---|---|---|---|---|---|---|---|
| IIA Library-Bangalore | IIA Library-Bangalore | General Stacks | 26/10/2015 | ANJ | 2910.00 | 523.43/ PET | 20044 | 05/11/2021 | 2910.00 | 26/10/2015 | Books | Rs. 2910.00 |